| 000 | 00375nam a2200145Ia 4500 | ||
|---|---|---|---|
| 008 | 200103s9999||||xx |||||||||||||| ||und|| | ||
| 020 | _a0333197763, | ||
| 040 | _aIMU-MPC | ||
| 082 | _aColumn-60 | ||
| 100 | _aBuckley, R. V. | ||
| 245 | 0 | _aControl Engineering: Theory, Worked Examples and Problems | |
| 260 |
_bMacmillan, London _c1976 |
||
| 300 | _avii, 112 | ||
| 942 | _cBK | ||
| 999 |
_c10914 _d10914 |
||